[Event "Champions Showdown Kings Blitz 2019-A"]
[Site "Saint Louis"]
[Date "2019.02.22"]
[Round "1"]
[White "Harikrishna, Pentala"]
[Black "Caruana, Fabiano"]
[Result "0-1"]
[WhiteElo "2726"]
[BlackElo "2828"]
[Annotator "TA"]
[PlyCount "72"]
[EventDate "2019.02.09"]
[EventType "match"]
[EventCountry "USA"]
[SourceTitle "playchess.com"]
[Source "ChessBase"]
[SourceQuality "1"]

{[%evp 9,72,3,5,8,19,16,16,20,17,0,19,28,14,15,26,0,18,8,40,-14,0,-31,-26,-139,-133,-158,-141,-137,-139,-181,-183,-258,-193,-199,-182,-296,-306,-349,-344,-531,-347,-753,-753,-1186,-1152,-1308,-1290,-1829,-1784,-1915,-1804,-29967,-12812,-2110,-1095,-1033,-1012,-1253,-1222,-29987,-29988,-29988,-29989,-29993,-29994]} 1. c4 e5 2. Nc3 Nf6 3. e3 Bb4 {[%cal Bf8b4,Bb4a5,Ba5c7][%mdl 32]} 4. Nge2 c6 5. a3 Ba5 6. b4 {A22: English Opening: 1...e5 2 Nc3 Nf6} Bc7 7. Bb2 O-O 8. d4 {The position is equal.} d5 9. cxd5 cxd5 10. Nb5 e4 11. Nxc7 Qxc7 12. h3 $146 ({Predecessor:} 12. Rc1) 12... Nc6 13. Nf4 Be6 14. g4 (14. Be2 $14) 14... Rac8 15. g5 Ne8 16. g6 (16. Rc1 $11) 16... hxg6 $17 17. Rg1 Qd7 18. h4 Nf6 19. h5 Bg4 20. Rxg4 (20. Be2 {only move.} gxh5 21. Nxh5 $1 {[%mdl 512]} Bxh5 22. Bxh5) 20... Qxg4 21. Qxg4 Nxg4 22. hxg6 {[#]} (22. Nxd5 $142 gxh5 23. b5) 22... Ne7 $1 $19 ({And not} 22... fxg6 23. Bh3 $14) 23. gxf7+ Kxf7 {Strongly threatening ...Rc2.} 24. Kd2 (24. Bh3 {was worth a try.} Rc2 25. Bxg4) 24... g5 25. Nh3 $2 (25. Bh3 gxf4 26. Bxg4) 25... Kg6 26. f4 Nf5 27. Be2 Ngxe3 {White must now prevent ...Rc2+.} 28. Bc3 Rh8 29. Nxg5 Rh2 30. Rg1 Kf6 31. b5 Rxc3 32. Kxc3 Rxe2 33. Nh7+ Ke7 34. Rg6 Rc2+ {Black mates.} 35. Kb4 Rc4+ 36. Ka5 Nxd4 {Precision: White = 21%, Black = 75%.} 0-1

[Event "Champions Showdown Kings Blitz 2019-A"]
[Site "Saint Louis"]
[Date "2019.02.22"]
[Round "2"]
[White "Caruana, Fabiano"]
[Black "Harikrishna, Pentala"]
[Result "1-0"]
[WhiteElo "2828"]
[BlackElo "2726"]
[Annotator "TA"]
[PlyCount "69"]
[EventDate "2019.02.09"]
[EventType "match"]
[EventCountry "USA"]
[SourceTitle "playchess.com"]
[Source "ChessBase"]
[SourceQuality "1"]

{[%evp 11,69,24,30,14,14,11,22,32,27,28,72,65,92,88,97,101,107,107,114,112,124,97,156,156,178,163,293,133,124,131,216,211,329,335,328,218,457,446,462,469,466,447,442,222,363,383,364,377,665,645,836,824,830,792,783,735,984,944,5414,5397]} 1. e4 c5 2. Nf3 e6 3. d4 cxd4 4. Nxd4 Nc6 5. Nc3 Qc7 6. Ndb5 Qb8 $1 7. f4 {B47: Sicilian: Taimanov: 5 Nc3 Qc7 6 f4, 6 g3 and 6 Be2} (7. Be3 {keeps more tension.} Be7 8. f4 d6 9. Be2 Nf6 10. O-O) 7... a6 8. Nd4 Nxd4 (8... Nge7 9. Be3 b5 10. a3 Bb7 11. Nb3 Ng6 12. Qd2 d6 13. h4 h5 14. Be2 Be7 {1-0 (36) Aronian,L (2765)-Korobov,A (2698) St Petersburg 2018}) 9. Qxd4 {The position is equal.} b5 10. Be3 Ne7 11. O-O-O Nc6 12. Qd2 $36 {[%mdl 2048] White is on the roll.} d6 $146 ({Predecessor:} 12... Bb4 13. h4 Ba5 14. b3 Qc7 {0-1 (48) Riefer,A (1791)-Gutt,O (1960) Troisdorf 2009}) 13. g4 Qc7 14. Kb1 Rb8 15. g5 Na5 16. b3 Bd7 (16... Be7 $142) 17. f5 $16 Qb7 18. Qf2 Nc4 (18... b4 $142) 19. Bc1 (19. bxc4 $18 {and the rest is easy.} bxc4+ 20. Kc1) 19... Ne5 20. Bh3 Qc7 (20... Rc8 $16) 21. Ne2 $18 {[%cal Bc3e2,Be2d4,Bd4f5,Bf5e3,Be3d5][%mdl 32]} Bc6 (21... Be7 {was necessary.} 22. Nf4 O-O) 22. Nd4 Bxe4 23. Rhe1 Bxf5 $2 (23... exf5 24. Nxf5 (24. Bxf5 Bb7 $18) 24... Bxf5 25. Bxf5 (25. Qxf5 Be7 $14) 25... Be7) 24. Bxf5 ({Not} 24. Nxf5 exf5 25. Bxf5 (25. Qxf5 Rd8 $16) 25... Be7 $14) 24... exf5 25. Nxf5 g6 26. Ne3 Bg7 27. Ba3 (27. Nd5 $142 Qa5 28. Rxe5+ $1 {[%mdl 512]} Bxe5 29. Bb2 Bxb2 30. Kxb2) 27... O-O {[#]} (27... b4 $142) 28. Nd5 $1 {[%cal Rd5c7]} ({Worse is} 28. Bxd6 Qc3 $11) 28... Qd8 {[#]} 29. Bxd6 $1 {[%mdl 576] Double Attack} Qxg5 $2 (29... Qxd6 30. Nf6+ Qxf6 {[%mdl 64] Remove Defender} 31. gxf6 Ng4) 30. h4 {White is clearly winning.} Ng4 31. Qg3 ({Weaker is} 31. hxg5 Nxf2 32. Rd2 (32. Bxf8 Kxf8 33. Rd2 Nh3 $16) 32... Nh3 $16) 31... Qh5 32. Bxb8 Nh6 33. Be5 Nf5 34. Qc3 {Threatens to win with Bxg7.} Bxe5 35. Qxe5 {Accuracy: White = 71%, Black = 32%.} 1-0

[Event "Champions Showdown Kings Blitz 2019-A"]
[Site "Saint Louis"]
[Date "2019.02.22"]
[Round "3"]
[White "Harikrishna, Pentala"]
[Black "Caruana, Fabiano"]
[Result "0-1"]
[WhiteElo "2726"]
[BlackElo "2828"]
[Annotator "TA"]
[PlyCount "68"]
[EventDate "2019.02.09"]
[EventType "match"]
[EventCountry "USA"]
[SourceTitle "playchess.com"]
[Source "ChessBase"]
[SourceQuality "1"]

{[%evp 20,68,5,-1,34,34,22,45,68,22,56,50,41,40,115,105,111,87,208,201,186,35,37,32,41,43,41,0,0,0,0,-14,-17,-17,-18,-415,-450,-442,-441,-397,-416,-443,-391,-417,-441,-508,-492,-29988,-1421,-1662,-1495]} 1. d4 Nf6 2. Nf3 e6 3. Bg5 d5 4. Nbd2 Be7 5. e3 O-O 6. Bd3 c5 7. c3 b6 8. Qe2 Bb7 9. O-O Nbd7 10. Rad1 h6 11. Bh4 {LiveBook: 3 Games} a6 {D03: 1 d4 d5 2 Nf3 Nf6 3 Bg5, including Torre Attack with early ...d5} (11... Ne4 12. Bg3 Nxg3 13. hxg3 Nf6 14. e4 dxe4 15. Nxe4 cxd4 16. Nxd4 Qc7 17. Nxf6+ Bxf6 18. Be4 Rad8 19. Bxb7 Qxb7 {0-1 (41) Gerasimenyk,M (2188)-Antipov,M (2511) Warsaw 2013}) 12. Ne5 $146 ({Predecessor:} 12. a4 c4 13. Bc2 b5 14. Ne5 Nxe5 15. dxe5 Nd7 16. Bg3 Qc7 17. Qh5 Bc5 18. Nf3 Rae8 19. Ng5 {1-0 (48) Torres Tur,J (2064)-Aguilo Pons,F (1914) Palma de Mallorca 2012}) 12... b5 13. f4 b4 {White is slightly better.} 14. f5 (14. dxc5 {keeps more tension.} Nxc5 15. cxb4 Nxd3 16. Nxd3 Bc6 17. Nf3) 14... exf5 15. Bxf5 bxc3 16. bxc3 {And now Rb1 would win.} Nxe5 ({Black should play} 16... cxd4 $14 17. exd4 (17. cxd4 Nxe5 18. dxe5 Nd7 $11) 17... Nxe5 18. dxe5 (18. Qxe5 Re8 $11) 18... Nh7) 17. dxe5 $16 Nd7 18. Bg3 Nb6 (18... Bc6 $16) 19. Ne4 $1 $18 Bc8 {[#] Strongly threatening ...Bxf5.} 20. Nd6 $2 (20. Nf6+ $1 $18 {[%mdl 512]} gxf6 (20... Bxf6 21. exf6) 21. Qg4+ Kh8 22. Qh5) 20... Bxd6 $1 $14 21. exd6 Bxf5 22. Rxf5 Qd7 23. Rdf1 Rae8 24. Rh5 Nc4 25. Bf4 f5 26. Qd3 Qe6 $36 {[%mdl 2048] Black has good play.} 27. Rd1 $2 {[%mdl 8192]} (27. g4 $11 {and White is okay.}) 27... Nb2 $19 28. Qxd5 {d7 is the strong threat.} Nxd1 29. Qxd1 Rb8 30. h3 Rb2 31. Qf3 Rxa2 32. Qb7 Rd2 33. Qxa6 (33. Rh4 $19 a5 34. Kh2) 33... Qg6 (33... Qe4 $142 34. Qf1 Rb8 35. d7 Rb1 36. d8=R+ Rxd8 37. Qxb1 Qxb1+ 38. Kh2 Qe4 39. Bxh6 gxh6 40. Rxh6 Qe5+ 41. Kg1 Qxe3+ 42. Kh1 Rd1+ 43. Kh2 Qf4+ 44. g3 Qf2#) 34. Qc4+ Kh7 {Precision: White = 37%, Black = 47%.} 0-1

[Event "Champions Showdown Kings Blitz 2019-A"]
[Site "Saint Louis"]
[Date "2019.02.22"]
[Round "4"]
[White "Caruana, Fabiano"]
[Black "Harikrishna, Pentala"]
[Result "1-0"]
[WhiteElo "2828"]
[BlackElo "2726"]
[Annotator "TA"]
[PlyCount "67"]
[EventDate "2019.02.09"]
[EventType "match"]
[EventCountry "USA"]
[SourceTitle "playchess.com"]
[Source "ChessBase"]
[SourceQuality "1"]

{[%evp 9,67,52,54,48,75,64,71,60,72,44,59,33,33,35,48,36,65,67,77,60,73,66,83,81,85,87,69,56,71,61,89,44,47,8,11,10,9,-22,0,-42,0,0,239,216,239,248,391,301,291,295,412,406,416,393,711,330,1254,1239,1407,1406]} 1. e4 Nf6 2. e5 Ng8 3. d4 d6 4. Nf3 Bf5 (4... dxe5 5. Nxe5 Nd7 6. Nf3 g6 7. Bc4 e6 8. O-O Bg7 9. Re1 Ne7 10. Nc3 O-O 11. Bg5 h6 12. Bh4 {½-½ (60) Giri,A (2782)-Mamedyarov,S (2801) chess.com INT 2018}) 5. Nc3 {[%cal Bb1c3,Bc3e2,Be2f4][%mdl 32]} e6 6. Bd3 {Threatens to win with Bxf5. B02: Alekhine's Defence: Chase Variation and lines with early Nc3} Bg6 7. O-O $146 {Hoping for d5.} ({Predecessor:} 7. d5 Bh5 8. g4 Bxg4 9. Rg1 Bh5 10. Rg5 g6 11. Rxh5 gxh5 12. dxe6 h6 13. exf7+ Kxf7 14. Nd4 Qe8 15. Qxh5+ Ke7 16. Bg5+ hxg5 17. Qxg5+ {1-0 (17) Van Daatselaar,J (2122)-Etmans,M (1921) ICCF email 2009}) 7... d5 8. Ne2 {White is better.} c5 9. c3 Nc6 10. Nf4 Bxd3 11. Qxd3 cxd4 12. cxd4 Nge7 13. Nh5 Qb6 14. Be3 Nf5 {[#]} 15. g4 $1 {[%cal Rg4f5]} Nfe7 16. Rfc1 h6 17. Rc3 O-O-O 18. a3 Kb8 19. b4 Nc8 20. Rac1 a6 $1 21. Nd2 Qb5 22. Qc2 $36 {[%mdl 2048] White fights for an advantage.} Nb6 23. h3 Rc8 24. Kg2 Be7 25. Qd1 f6 $2 (25... g6 $11 {and Black has nothing to worry.} 26. Nf6 Bxf6 27. exf6 Ka8) 26. Nxg7 $18 fxe5 27. Nxe6 Bf6 (27... e4 {was necessary.} 28. Nb3 Bd6) 28. Nf3 e4 {[#]} 29. Ne5 $1 {[%mdl 512]} Bxe5 (29... Nxe5 30. Rxc8+) 30. dxe5 Nc4 31. a4 Qxb4 $2 (31... Nxe3+ 32. Rxe3 Qxb4 33. Qxd5 Ne7 34. Rxc8+ Kxc8) 32. Qxd5 (32. Bc5 $142 Qa5 33. Qxd5 {[%mdl 64] Double Attack}) 32... N6xe5 $2 (32... Ne7 33. Qxe4 Nxe3+ 34. Qxe3 Rxc3 35. Qxc3 Qe4+ 36. Kh2 Nc6) 33. Bf4 {White threatens Rxc4 and mate.} Ka7 34. Bxe5 {Accuracy: White = 58%, Black = 40%.} 1-0

[Event "Champions Showdown Kings Blitz 2019-A"]
[Site "Saint Louis"]
[Date "2019.02.22"]
[Round "5"]
[White "Harikrishna, Pentala"]
[Black "Caruana, Fabiano"]
[Result "0-1"]
[WhiteElo "2726"]
[BlackElo "2828"]
[Annotator "TA"]
[PlyCount "67"]
[EventDate "2019.02.09"]
[EventType "match"]
[EventCountry "USA"]
[SourceTitle "playchess.com"]
[Source "ChessBase"]
[SourceQuality "1"]

{[%evp 9,67,38,36,40,60,67,55,14,68,66,40,43,41,50,62,54,72,69,86,77,115,100,125,98,175,24,189,187,227,227,219,187,187,187,189,192,235,239,232,175,187,197,237,16,28,16,16,22,23,4,7,14,58,2,6,-7,-8,-166,-153,-767]} 1. d4 Nf6 2. Nf3 d5 3. e3 c5 4. c3 Nc6 5. dxc5 (5. Nbd2 cxd4 6. exd4 Bf5 7. Nh4 Bg4 8. Be2 Bxe2 9. Qxe2 e6 10. Nb3 Qc7 11. g3 O-O-O 12. Bf4 Bd6 13. Bxd6 Qxd6 {0-1 (43) Jussupow,A (2583)-Karjakin,S (2678) Amsterdam 2007}) 5... a5 6. Bb5 {D05: Colle System with ...e6} e6 7. b4 Bd7 8. Bb2 {White is slightly better.} b6 $146 ({Black should play} 8... axb4 $11 9. Bxc6 Bxc6) ({Predecessor:} 8... axb4 9. Bxc6 Bxc6 10. cxb4 b6 11. a4 bxc5 12. b5 Bb7 {0-1 (48) Ingham,H (1849)-Dijksterhuis,R (1958) Vale 2018}) 9. Bxc6 Bxc6 10. Nd4 Qd7 $1 11. cxb6 axb4 12. O-O $1 Ba4 $1 {[%cal Ra4d1]} 13. Qf3 e5 14. Nf5 Bc2 15. Ng3 {And now cxb4 would win.} h5 16. Rc1 Bd3 (16... Bg6 $16) 17. cxb4 $2 (17. h4 $18) 17... Bd6 $2 (17... h4 $1 $11) 18. Nc3 $18 Bxb4 19. e4 Bxc3 20. Bxc3 dxe4 21. Qf5 O-O 22. Bxe5 {Threatens to win with Qg5.} Ra5 {Strongly threatening ...Qxf5.} 23. Qxd7 Nxd7 24. Bc7 h4 25. Nf1 Re8 {[#] intending ...Re6.} 26. Ne3 $2 (26. a4 $1 $18) 26... Re6 $1 $11 27. b7 Rb5 28. a4 Rxb7 29. a5 Ra6 30. h3 Kh7 31. Nd5 (31. Ra4 $14) 31... Rb5 32. Ne3 Nc5 {aiming for ...Nb3.} 33. Bb6 $2 (33. Rd1 $11) 33... Nb3 $19 {[%mdl 64] [#] Double Attack} 34. Ra3 $2 {Accuracy: White = 43%, Black = 48%.} (34. Rab1 $17) 0-1

[Event "Champions Showdown Kings Blitz 2019-A"]
[Site "Saint Louis"]
[Date "2019.02.22"]
[Round "6"]
[White "Caruana, Fabiano"]
[Black "Harikrishna, Pentala"]
[Result "1/2-1/2"]
[WhiteElo "2828"]
[BlackElo "2726"]
[Annotator "TA"]
[PlyCount "105"]
[EventDate "2019.02.09"]
[EventType "match"]
[EventCountry "USA"]
[SourceTitle "playchess.com"]
[Source "ChessBase"]
[SourceQuality "1"]

{[%evp 9,105,-6,-6,-10,-9,-4,0,-6,0,2,7,5,22,19,17,17,23,27,38,35,43,30,19,13,22,21,19,0,37,27,38,40,25,27,57,57,61,51,159,147,148,134,241,241,371,368,341,303,516,512,511,508,424,318,584,503,578,552,614,598,576,533,539,525,521,519,537,0,0,0,8,8,8,0,0,0,0,0,0,-29984,-29985,-29985,0,0,0,0,0,0,0,0,0,0,0,0,0,0,0,0]} 1. c4 e5 2. Nc3 Bb4 3. Nd5 Be7 4. Nf3 d6 5. e4 (5. d4 e4 6. Nd2 f5 7. Nb1 c6 8. Nxe7 Nxe7 9. Nc3 O-O 10. e3 Be6 11. Be2 Nd7 12. b3 d5 13. a4 a5 {1-0 (41) Inarkiev,E (2727)-Bologan,V (2640) Poikovsky 2017}) 5... Nf6 6. Nxe7 $146 {A21: English Opening: 1...e5 2 Nc3} ({Predecessor:} 6. d3 Nxd5 7. cxd5 c6 8. Qb3 Qc7 9. Be2 O-O 10. O-O cxd5 11. exd5 Nd7 12. Be3 {1-0 (35) Rosina,G (1476)-Howes,T (1385) Chessfriend.com 2005}) 6... Qxe7 7. d3 O-O 8. Be2 Bg4 9. O-O Nc6 10. Be3 Bxf3 11. Bxf3 Nd7 12. Bg4 Nc5 13. g3 a6 14. Qd2 b5 15. cxb5 axb5 16. Rfc1 Nd4 17. Bxd4 exd4 18. Be2 f5 19. exf5 Rxf5 20. Bf1 Qf7 21. Re1 Rxa2 22. Rxa2 Qxa2 23. Bh3 $1 {[%cal Rh3f5]} Re5 ({Black should play} 23... Rf7 $14) 24. Rxe5 $16 dxe5 25. Qg5 $36 {[%mdl 2048] White is on the roll.} Qf7 (25... Qa1+ $16 {is a better defense.} 26. Bf1 Ne6 27. Qxe5 Kf7) 26. b4 $18 {[%mdl 1024] White has strong compensation.} Nd7 {[#]} (26... Nb7 $142 27. Qxe5 {[%mdl 64] Double Attack} Kf8 28. Qxb5 Nd6) 27. Qd8+ $1 Nf8 28. Bg2 Qf6 $2 (28... e4 29. Bxe4 Kh8) 29. Bd5+ Kh8 30. Qxc7 h5 31. h4 Kh7 $2 (31... g5 32. hxg5 Qxg5) 32. Be4+ Kg8 33. Qb8 g5 34. hxg5 Qxg5 {If only Black now had time for ...h4....} 35. Bd5+ Kg7 36. Qb7+ Kh6 {intending ...h4.} 37. Qxb5 h4 38. Kh2 $2 ({Better is} 38. Qa6+ $18 Kg7 39. Qb7+ Kh6 40. Qc8) 38... hxg3+ $11 39. fxg3 Qd2+ 40. Bg2 {Black must now prevent Qc6+.} Ng6 41. Qa6 e4 {aiming for ...e3.} 42. dxe4 d3 43. Qd6 Qe2 44. g4 $2 {[%mdl 8192] [#]} (44. Qd7 $11) 44... d2 45. g5+ Kxg5 $2 (45... Kh5 {mates} 46. Kg3 Qe1+ 47. Kf3 Nh4+ 48. Kf4 Nxg2+ 49. Ke5 d1=Q 50. Qh6+ Kg4 51. Qe6+ Kg3 52. Qd5 Qc3+ 53. Kd6 Qxb4+ 54. Kc7 Qe7+ 55. Kb8 Qa4 56. Qd3+ Kh4 57. g6 Qae8+ {[%mdl 64] Double Attack} 58. Qd8 Q8xd8#) 46. Qg3+ {The position is equal.} Kh6 (46... Qg4 $5 47. Bf3 $8 Qxg3+ 48. Kxg3 Ne5 $14) 47. Qh3+ Kg7 48. Qd7+ Kf6 (48... Kh6 $5 49. Qh3+ $8 Kg7 50. Qd7+ Kh6 51. Qh3+ $11) 49. Qf5+ Kg7 50. Qd7+ Kh6 51. Qh3+ Kg5 52. Qf5+ Kh6 53. Qh3+ {Accuracy: White = 79%, Black = 41%.} 1/2-1/2

[Event "Champions Showdown Kings Blitz 2019-A"]
[Site "Saint Louis"]
[Date "2019.02.22"]
[Round "7"]
[White "Harikrishna, Pentala"]
[Black "Caruana, Fabiano"]
[Result "0-1"]
[WhiteElo "2726"]
[BlackElo "2828"]
[Annotator "TA"]
[PlyCount "80"]
[EventDate "2019.02.09"]
[EventType "match"]
[EventCountry "USA"]
[SourceTitle "playchess.com"]
[Source "ChessBase"]
[SourceQuality "1"]

{[%evp 15,80,38,49,-7,0,0,0,0,0,0,0,0,0,0,0,0,0,0,0,0,7,7,7,0,12,0,0,-19,-33,-29,-23,-18,-27,-6,0,0,0,0,0,-38,-8,-15,-20,-18,0,-8,-4,-16,-4,-4,76,-358,-270,-343,-327,-610,-594,-1410,-1293,-29987,-29988,-29991,-29989,-29990,-29991,-29991,-29992]} 1. d4 {Sumets,A} Nf6 2. Nf3 d5 3. Bf4 c5 4. e3 Nc6 5. Nbd2 cxd4 6. exd4 Bg4 7. c3 e6 {B13: Caro-Kann: Exchange Variation and Panov-Botvinnik Attack} 8. Qb3 Bd6 {LiveBook: 8 Games} 9. Ne5 $146 (9. Qxb7 $14 O-O 10. Be5) ({Predecessor:} 9. Qxb7 O-O 10. Bg3 Rc8 11. Bd3 Bxg3 12. hxg3 Qd6 13. Qa6 Rb8 14. Nb3 Rb6 15. Qa4 {1-0 (25) Eljanov,P (2707)-Hammer,J (2629) Palma de Mallorca 2017 CBM 182 [Sumets,A]}) 9... Qc7 {[%cal Rc6e5] The position is equal.} 10. Nxg4 Bxf4 11. Nxf6+ gxf6 12. Nf3 O-O-O {[%cal Be8c8,Bc8b8,Bb8a7][%mdl 32]} 13. g3 Bd6 14. O-O-O Kb8 15. Kb1 Na5 16. Qc2 Rc8 17. Bd3 a6 18. Qe2 Ka7 19. Rc1 b5 20. Nd2 Nc4 21. Bxc4 bxc4 22. b3 Ba3 23. Rc2 Rb8 24. Ka1 {[%cal Rb3c4]} Rhc8 25. bxc4 dxc4 26. Rb1 Rb5 27. Qf3 f5 28. Rxb5 axb5 29. Nb1 Bd6 30. a4 $132 {[%mdl 2048] White is not keeping still} Qa5 31. d5 {White wants to play dxe6.} b4 32. cxb4 $1 Qxb4 (32... Bxb4 $11 33. dxe6 fxe6) 33. Qc3 $2 {[%mdl 8192]} (33. Rb2 $16 {is forced if you want to stay better.} Qa5 34. dxe6) 33... Qc5 34. Nd2 {[%cal Rd2c4]} exd5 {[%cal Be6d5,Bd5d4,Bd4d3][%mdl 32] ...d4 is the strong threat.} 35. Nf3 $2 {[#]} (35. Kb1) 35... d4 $1 $19 {[%mdl 512]} 36. Qb2 (36. Qxd4 Qxd4+) 36... d3 37. Rc3 Rb8 {Black mates.} 38. Qa2 Rb4 39. Qd2 Rxa4+ 40. Kb1 Qb5+ {Precision: White = 41%, Black = 60%.} 0-1

[Event "Champions Showdown Kings Blitz 2019-A"]
[Site "Saint Louis"]
[Date "2019.02.22"]
[Round "8"]
[White "Caruana, Fabiano"]
[Black "Harikrishna, Pentala"]
[Result "1-0"]
[WhiteElo "2828"]
[BlackElo "2726"]
[Annotator "TA"]
[PlyCount "67"]
[EventDate "2019.02.09"]
[EventType "match"]
[EventCountry "USA"]
[SourceTitle "playchess.com"]
[Source "ChessBase"]
[SourceQuality "1"]

{[%evp 9,67,54,63,58,75,60,79,51,97,33,44,25,58,19,56,4,8,-33,47,45,87,89,521,514,520,519,490,330,345,221,231,234,224,233,216,220,210,187,370,370,360,350,636,501,1329,1304,1997,1934,1582,1544,29991,29991,29991,29989,29996,29994,29994,29995,29995,-112]} 1. d4 e6 2. e4 b6 3. Nf3 Bb7 4. Bd3 g6 5. O-O Bg7 6. c4 {B00: Queen's Fianchetto Defence, Nimzowitsch Defence} (6. Re1 d6 7. c3 Ne7 8. Nbd2 Nd7 9. Nf1 O-O 10. Ng3 c5 11. Be3 e5 12. Qd2 exd4 13. cxd4 {½-½ (83) Alekseev,E (2622)-Fedoseev,V (2731) Sochi 2017}) 6... d6 7. Nc3 Nd7 8. Be3 {White is better.} h6 9. d5 $146 (9. Qd2 $16) ({Predecessor:} 9. Qd2 a6 10. b4 Ne7 11. Rab1 d5 12. cxd5 exd5 {½-½ (38) Erwich,F (2365)-Goudriaan,E (2250) Hoogeveen 2011}) 9... Bxc3 $1 $14 10. bxc3 e5 11. Qd2 g5 12. a4 (12. Rfd1 $14) 12... a5 $11 13. c5 dxc5 (13... Nxc5 $15 14. Bxc5 bxc5) 14. Bb5 $14 {Nxe5 is the strong threat.} f6 15. Qe2 Ne7 $2 {[%mdl 8192] [#]} (15... Qe7 $16) 16. Nxe5 $1 $18 {[%mdl 512]} fxe5 17. Qh5+ Kf8 {White must now prevent ...Nf6.} 18. Bxg5 {[%mdl 64] Pin} Kg7 19. Bxe7 Qxe7 20. Qg4+ {[%mdl 64] Double Attack} Kh7 {Threatens to win with ...Nf8.} 21. Bxd7 {[%cal Rd7f5]} Rhg8 22. Bf5+ Kh8 23. Qh5 $40 {[%mdl 128] White attacks with force.} Qf6 $2 (23... Qg5 24. Qxg5 hxg5) 24. f4 exf4 25. Rxf4 Rg5 $2 (25... Qg5 26. Qxg5 Rxg5) 26. Qh4 Kg7 (26... Qg7 $142 27. g3 Ba6) 27. Be6 Qxc3 28. Raf1 Qd4+ 29. Kh1 {Rf7+ would kill now.} Rh8 30. Rf7+ {White mates.} Kg6 31. Rxc7 Ba6 32. Bf7+ Kg7 33. Bh5+ Kg8 {[#]} 34. Rf8+ $1 {[%mdl 33344] Decoy. Accuracy: White = 59%, Black = 30%. . Loss on time!?} 1-0

[Event "Champions Showdown Kings Blitz 2019-A"]
[Site "Saint Louis"]
[Date "2019.02.22"]
[Round "9"]
[White "Harikrishna, Pentala"]
[Black "Caruana, Fabiano"]
[Result "1-0"]
[WhiteElo "2726"]
[BlackElo "2828"]
[Annotator "TA"]
[PlyCount "83"]
[EventDate "2019.02.09"]
[EventType "match"]
[EventCountry "USA"]
[SourceTitle "playchess.com"]
[Source "ChessBase"]
[SourceQuality "1"]

{[%evp 14,83,43,41,51,44,35,23,20,8,8,9,7,0,8,0,12,15,9,10,19,-7,0,0,0,-20,-10,-50,-16,-70,-35,-27,-23,-32,-3,-18,22,10,145,144,190,200,250,261,244,252,263,240,361,250,652,480,476,475,448,417,395,98,98,99,107,89,237,237,245,230,586,584,1338,1300,29991,29992]} 1. e4 c5 2. Nf3 e6 3. d4 cxd4 4. Nxd4 a6 5. Bd3 Bc5 6. Nb3 Be7 7. Qg4 g6 8. Qe2 d6 {B42: Sicilian: Kan Variation: 5 Bd3} 9. a4 Nc6 10. Be3 (10. O-O Ne5 11. Kh1 Nf6 12. Nc3 Bd7 13. f4 Nxd3 14. cxd3 O-O 15. Be3 b5 16. a5 {1-0 (48) Aronian,L (2764)-Caruana,F (2816) Paris 2018}) 10... Nf6 {White has an edge.} 11. N1d2 Ne5 12. a5 O-O 13. O-O Bd7 {[#]} 14. Nc4 $146 ({Predecessor:} 14. f4 Nxd3 15. cxd3 Bb5 16. Rac1 {½-½ (72) Negi,P (2590)-David,A (2565) Paris 2009}) 14... Nxc4 15. Bxc4 Bc6 16. Bd3 e5 (16... Nxe4 $2 17. Bxe4 Bxe4 18. Bb6 $18) 17. Nd2 d5 {[%cal Rd5e4]} 18. Bb6 Qd7 19. Rfe1 Rfe8 20. Rad1 d4 21. Nf3 (21. c3 $11) 21... Bf8 22. c3 dxc3 23. Bxa6 Qg4 24. Bd3 cxb2 (24... Bb4 $5 {[%cal Rc3b2]}) 25. h3 $1 $36 {[%cal Rh3g4][%mdl 2048] White fights for an advantage.} Qh5 (25... Qd7 $11 {keeps the balance.}) 26. Qxb2 $16 Nd7 27. Bb5 Bxb5 28. Qxb5 Nxb6 29. axb6 (29. Qxb6 $6 Re7 $16) 29... Re7 {[#]} 30. Rd7 $1 {[%cal Rd7e7]} Rae8 (30... Qh6 {was necessary.} 31. Rxe7 (31. Nxe5 Qf4 $16) 31... Bxe7) 31. Rc1 g5 $2 (31... Qh6 32. Rcc7 Ra8) 32. Rcc7 g4 33. hxg4 Qxg4 34. Rxe7 Rxe7 35. Rxe7 $2 (35. Qd5 $18 {is the precise move to win.}) 35... Bxe7 36. Qxe5 Qd7 {Black wants to play ...Qd1+.} 37. Nd4 Bd8 {[#]} (37... Qd6 $16 38. Qxd6 Bxd6) 38. g3 $1 $18 f6 39. Qc5 Kf7 $2 (39... Kg7 {is tougher.} 40. Nf5+ Kf7 41. Qc4+ Qe6) 40. Qc4+ Kg7 41. Ne6+ Kg6 42. Nf8+ {[%mdl 64] Double Attack. Accuracy: White = 54%, Black = 24%.} 1-0